The voyage of the dawn treader / (Record no. 34410)
[ view plain ]
| 000 -LEADER | |
|---|---|
| fixed length control field | 01435pam a2200385 a 4500 |
| 001 - CONTROL NUMBER | |
| control field | 1105883 |
| 003 - CONTROL NUMBER IDENTIFIER | |
| control field | OSt |
| 005 - DATE AND TIME OF LATEST TRANSACTION | |
| control field | 20140310184437.0 |
| 008 - FIXED-LENGTH DATA ELEMENTS--GENERAL INFORMATION | |
| fixed length control field | 930601r19941952nyuab j 000 1 eng |
| 010 ## - LIBRARY OF CONGRESS CONTROL NUMBER | |
| LC control number | 93011515 |
| 020 ## - INTERNATIONAL STANDARD BOOK NUMBER | |
| International Standard Book Number | 0590254790 |
| 040 ## - CATALOGING SOURCE | |
| Original cataloging agency | DLC |
| Transcribing agency | DLC |
| Modifying agency | DLC |
| 042 ## - AUTHENTICATION CODE | |
| Authentication code | lcac |
| 050 00 - LIBRARY OF CONGRESS CALL NUMBER | |
| Classification number | PZ 7 |
| Item number | .L58474Vo 1952 |
| 100 1# - MAIN ENTRY--PERSONAL NAME | |
| Personal name | Lewis, C. S. |
| Fuller form of name | (Clive Staples), |
| Dates associated with a name | 1898-1963. |
| 9 (RLIN) | 18350 |
| 245 14 - TITLE STATEMENT | |
| Title | The voyage of the dawn treader / |
| Statement of responsibility, etc | C.S. Lewis ; illustrated by Pauline Baynes. |
| 260 ## - PUBLICATION, DISTRIBUTION, ETC. (IMPRINT) | |
| Place of publication, distribution, etc | New York : |
| Name of publisher, distributor, etc | HarperCollins, |
| Date of publication, distribution, etc | 1952. |
| 300 ## - PHYSICAL DESCRIPTION | |
| Extent | 248 p. : |
| Other physical details | ill. ; |
| Dimensions | 19 cm. |
| 490 1# - SERIES STATEMENT | |
| Series statement | The Chronicles of Narnia ; |
| Volume number/sequential designation | bk. 5 |
| 521 ## - TARGET AUDIENCE NOTE | |
| Target audience note | |
| 526 ## - STUDY PROGRAM INFORMATION NOTE | |
| Reading level | 970 |
| 562 ## - COPY AND VERSION IDENTIFICATION NOTE | |
| Number of copies | 1 |
| 650 ## - SUBJECT ADDED ENTRY--TOPICAL TERM | |
| Topical term or geographic name as entry element | Fantasy |
| General subdivision | Juvenile fiction |
| 9 (RLIN) | 27288 |
| 650 ## - SUBJECT ADDED ENTRY--TOPICAL TERM | |
| Topical term or geographic name as entry element | Narnia (Imaginary place) |
| General subdivision | Juvenile fiction. |
| 9 (RLIN) | 27289 |
| 650 ## - SUBJECT ADDED ENTRY--TOPICAL TERM | |
| Topical term or geographic name as entry element | Fantasy. |
| 9 (RLIN) | 3293 |
| 700 1# - ADDED ENTRY--PERSONAL NAME | |
| Personal name | Baynes, Pauline, |
| Relator term | ill. |
| 9 (RLIN) | 18351 |
| 800 1# - SERIES ADDED ENTRY--PERSONAL NAME | |
| Personal name | Lewis, C. S. |
| Fuller form of name | (Clive Staples), |
| Dates associated with a name | 1898-1963. |
| Title of a work | Chronicles of Narnia (HarperCollins (Firm)) ; |
| Volume/sequential designation | bk. 5. |
| 9 (RLIN) | 18352 |
| 856 42 - ELECTRONIC LOCATION AND ACCESS | |
| Materials specified | Publisher description |
| Uniform Resource Identifier | <a href="http://www.loc.gov/catdir/description/hc041/93011515.html">http://www.loc.gov/catdir/description/hc041/93011515.html</a> |
| 856 42 - ELECTRONIC LOCATION AND ACCESS | |
| Materials specified | Contributor biographical information |
| Uniform Resource Identifier | <a href="http://www.loc.gov/catdir/enhancements/fy0910/93011515-b.html">http://www.loc.gov/catdir/enhancements/fy0910/93011515-b.html</a> |
| 906 ## - LOCAL DATA ELEMENT F, LDF (RLIN) | |
| a | 7 |
| b | cbc |
| c | orignew |
| d | 1 |
| e | ocip |
| f | 19 |
| g | y-gencatlg |
| 942 ## - ADDED ENTRY ELEMENTS (KOHA) | |
| Source of classification or shelving scheme | Library of Congress Classification |
| Koha item type | |
| Withdrawn status | Lost status | Source of classification or shelving scheme | Damaged status | Home library | Current library | Shelving location | Date acquired | Total Checkouts | Full call number | Barcode | Date last seen | Copy number | Price effective from | Koha item type | Total Renewals | Date checked out |
|---|---|---|---|---|---|---|---|---|---|---|---|---|---|---|---|---|
| Library of Congress Classification | Luxembourg Library | Luxembourg Library | Scholastic Reading Center Section | 10/10/2013 | PZ 7 .L58474Vo 1952 | LEX2235 | 04/18/2017 | 1 | 10/10/2013 | Books | ||||||
| Library of Congress Classification | Luxembourg Library | Luxembourg Library | Scholastic Reading Center Section | 10/16/2013 | PZ 7 .L58474Vo 1952 | SCHO0521 | 04/18/2017 | 4 | 10/16/2013 | Books | ||||||
| Library of Congress Classification | Luxembourg Library | Luxembourg Library | Scholastic Reading Center Section | 10/19/2013 | 3 | PZ 7 .L58474Vo 1952 | SCHO0086 | 04/18/2017 | 5 | 10/19/2013 | Books | 3 | 05/23/2014 |